[Event "COL-ch Blitz"]
[Site "Villavicencio"]
[Date "2021.11.15"]
[Round "8"]
[White "Castro, Jairo Antonio"]
[Black "Herrera, Juan Sebastian"]
[Result "0-1"]
[WhiteElo "1959"]
[BlackElo "2327"]
[PlyCount "58"]
[EventDate "2021.11.15"]
[EventType "swiss (blitz)"]
[EventRounds "13"]
[EventCountry "COL"]
[SourceTitle "CBM 205 Extra"]
[Source "ChessBase"]
[SourceDate "2022.01.31"]
[SourceVersion "1"]
[SourceVersionDate "2022.01.31"]
[SourceQuality "1"]

1. e4 c5 2. d3 e6 3. f4 d5 4. e5 h5 5. Nf3 Nc6 6. c3 Nh6 7. Be2 Nf5 8. 0-0 Be7 9. Na3 a6 10. Nc2 d4 11. c4 b5 12. b3 Bb7 13. Rf2 h4 14. h3 Qc7 15. Nh2 g5 16. Ng4 0-0-0 17. Bf3 Rhg8 18. Qe1 Ng3 19. a4 b4 20. fxg5 Bxg5 21. Bxg5 Rxg5 22. Bxc6 Bxc6 23. Qd2 Rdg8 24. Nh6 R8g7 25. Rxf7 Qxe5 26. Rf8+ Kb7 27. Rf7+ Rxf7 28. Nxf7 Ne2+ 29. Kf1 Rf5+ 0-1

[Event "COL-ch Rapid"]
[Site "Villavicencio"]
[Date "2021.11.13"]
[Round "2"]
[White "Castro, Jairo Antonio"]
[Black "Avila Pavas, Santiago"]
[Result "0-1"]
[WhiteElo "1935"]
[BlackElo "2274"]
[PlyCount "76"]
[EventDate "2021.11.13"]
[EventType "swiss (rapid)"]
[EventRounds "9"]
[EventCountry "COL"]
[SourceTitle "CBM 205 Extra"]
[Source "ChessBase"]
[SourceDate "2022.01.31"]
[SourceVersion "1"]
[SourceVersionDate "2022.01.31"]
[SourceQuality "1"]

1. e4 c5 2. d3 Nc6 3. g3 g6 4. Bg2 Bg7 5. c3 e5 6. Ne2 Nge7 7. 0-0 0-0 8. f4 d5 9. fxe5 dxe4 10. dxe4 Qxd1 11. Rxd1 Bg4 12. Re1 Nxe5 13. Nf4 g5 14. Nd5 Nxd5 15. exd5 Nd3 16. Rf1 Be2 17. Bxg5 Bxf1 18. Bxf1 Nxb2 19. a4 Rfe8 20. Ra2 Nd1 21. d6 Re1 22. Re2 Rxe2 23. Bxe2 Nxc3 24. Nxc3 Bxc3 25. Be7 Ba5 26. d7 Bb6 27. Bc4 Bc7 28. Kf2 a6 29. Kf3 Rb8 30. Bxc5 Rd8 31. Bd5 b6 32. Be3 Rxd7 33. Ke4 b5 34. axb5 axb5 35. Bc5 Bd6 36. Bc6 Rc7 37. Bxd6 Rxc6 38. Ba3 b4 0-1

[Event "Bogota Superate Intercol Adv-B"]
[Site "Bogota"]
[Date "2014.10.27"]
[Round "5.1"]
[White "Gonzalez Delgado, Hugo Andres"]
[Black "Castro, Jairo Antonio"]
[Result "1/2-1/2"]
[WhiteElo "1897"]
[BlackElo "1912"]
[PlyCount "71"]
[EventDate "2014.10.25"]
[EventType "swiss (rapid)"]
[EventRounds "6"]
[EventCountry "COL"]
[SourceTitle "EXT 2024"]
[Source "ChessBase"]
[SourceDate "2023.10.10"]
[SourceVersion "1"]
[SourceVersionDate "2023.10.10"]
[SourceQuality "1"]

1. e4 e6 2. d4 d5 3. Nd2 dxe4 4. Nxe4 Nd7 5. g3 b6 6. Bg2 Bb7 7. Qe2 f5 8. Nd6+ Bxd6 9. Bxb7 Rb8 10. Qxe6+ Qe7 11. Qxe7+ Nxe7 12. Bg2 Nf6 13. Bg5 0-0 14. Bxf6 Rxf6 15. f4 Re8 16. 0-0-0 Kf8 17. Nf3 h6 18. Ne5 g5 19. Nd7+ Kf7 20. Nxf6 Kxf6 21. fxg5+ hxg5 22. Rhf1 f4 23. Rde1 Rh8 24. h3 Kg7 25. gxf4 gxf4 26. Rg1 Kf6 27. Kd2 Nf5 28. a3 Nxd4 29. c3 Nf5 30. Rgf1 Kg5 31. Re6 Rg8 32. Be4 Ng3 33. Rg1 Kh4 34. Rh6+ Kg5 35. Re6 Kh4 36. Rh6+ 1/2-1/2

[Event "Bogota Superate Intercol Adv-B"]
[Site "Bogota"]
[Date "2014.10.25"]
[Round "2.4"]
[White "Castro, Jairo Antonio"]
[Black "Mercado Pena, Jorge Esteban"]
[Result "1-0"]
[WhiteElo "1912"]
[BlackElo "1762"]
[PlyCount "67"]
[EventDate "2014.10.25"]
[EventType "swiss (rapid)"]
[EventRounds "6"]
[EventCountry "COL"]
[SourceTitle "EXT 2024"]
[Source "ChessBase"]
[SourceDate "2023.10.10"]
[SourceVersion "1"]
[SourceVersionDate "2023.10.10"]
[SourceQuality "1"]

1. e4 c5 2. Nf3 d6 3. d4 cxd4 4. Nxd4 Nf6 5. Nc3 g6 6. Be3 Bg7 7. f3 Nc6 8. Qd2 0-0 9. Bc4 Bd7 10. h4 h5 11. 0-0-0 Rc8 12. Bb3 Nxd4 13. Bxd4 b5 14. e5 Ne8 15. Qg5 b4 16. Ne4 d5 17. Bxd5 Qa5 18. Bb3 Ba4 19. Kb1 Bxb3 20. axb3 Nc7 21. Nc5 Nb5 22. Nd7 Rfd8 23. e6 Qc7 24. Qxb5 Qxc2+ 25. Ka2 Bxd4 26. Rxd4 Rc3 27. Rxb4 fxe6 28. Ne5 Qxg2 29. Rb1 Kh7 30. Rf4 Rd5 31. Qe8 Ra5+ 32. Ra4 Rxe5 33. Qf7+ Kh8 34. Qf8+ 1-0

[Event "Bogota Superate Intercol Adv-B"]
[Site "Bogota"]
[Date "2014.10.??"]
[Round "6.1"]
[White "Castro, Jairo Antonio"]
[Black "Zapata Arbelaes, Estiven"]
[Result "0-1"]
[WhiteElo "1912"]
[BlackElo "2163"]
[PlyCount "86"]
[EventDate "2014.10.25"]
[EventType "swiss (rapid)"]
[EventRounds "6"]
[EventCountry "COL"]
[SourceTitle "EXT 2024"]
[Source "ChessBase"]
[SourceDate "2023.10.10"]
[SourceVersion "1"]
[SourceVersionDate "2023.10.10"]
[SourceQuality "1"]

1. e4 e5 2. Bc4 Nc6 3. Nf3 Bc5 4. d3 Nf6 5. Bb3 d6 6. c3 Qe7 7. Nbd2 0-0 8. Qe2 Be6 9. Bc2 d5 10. h3 Rfe8 11. Nf1 Rad8 12. Ng3 a6 13. Nh4 dxe4 14. dxe4 b5 15. Nhf5 Qd7 16. Qf3 Bxf5 17. Nxf5 Ne7 18. g4 Nxf5 19. gxf5 Qc6 20. h4 b4 21. h5 bxc3 22. bxc3 Bb4 23. Bb2 Qd6 24. Rd1 Qc6 25. Ra1 Qd6 26. Rd1 Qc5 27. Ra1 Rd6 28. Bb3 Nxe4 29. Qxe4 Bxc3+ 30. Bxc3 Qxc3+ 31. Kf1 Qxa1+ 32. Kg2 Qd4 33. Qf3 e4 34. Qg3 Qe5 35. Qg4 h6 36. Rc1 c5 37. Rg1 e3 38. fxe3 Qxe3 39. Kh1 Qe5 40. Ba4 Rd2 41. Qg3 Qe4+ 42. Rg2 Rxg2 43. Qxg2 Qh4+ 0-1

[Event "Bogota IRT Categoria B U17"]
[Site "Bogota"]
[Date "2013.10.24"]
[Round "5.4"]
[White "Castro, Jairo Antonio"]
[Black "Chaux, Jesus David"]
[Result "0-1"]
[WhiteElo "1909"]
[BlackElo "1676"]
[PlyCount "84"]
[EventDate "2013.10.22"]
[EventType "swiss"]
[EventRounds "5"]
[EventCountry "COL"]
[SourceTitle "EXT 2024"]
[Source "ChessBase"]
[SourceDate "2023.10.10"]
[SourceVersion "1"]
[SourceVersionDate "2023.10.10"]
[SourceQuality "1"]

1. e4 c6 2. d4 d5 3. Nd2 dxe4 4. Nxe4 Bf5 5. Ng3 Bg6 6. h4 h6 7. h5 Bh7 8. Nf3 Nf6 9. Bd3 Bxd3 10. Qxd3 e6 11. Bd2 Nbd7 12. 0-0-0 Qc7 13. c4 0-0-0 14. Bc3 Bd6 15. Ne4 Nxe4 16. Qxe4 Nf6 17. Qe2 Rhe8 18. Ne5 Re7 19. f4 Ne8 20. Rhf1 c5 21. dxc5 Bxc5 22. b4 Bd6 23. c5 Bxe5 24. Bxe5 Qc6 25. Kb2 Red7 26. g4 Qa4 27. Rxd7 Qxb4+ 28. Ka1 Rxd7 29. Rc1 Qa5 30. c6 Rd2 31. Qc4 b5 32. Qb3 Rd5 33. Rd1 Qd8 34. Rxd5 Qxd5 35. Qxd5 exd5 36. g5 f6 37. gxh6 gxh6 38. Bd4 a6 39. Bb6 Ng7 40. Kb2 Nxh5 41. Kb3 Nxf4 42. Kb4 Ne6 0-1

[Event "Medellin Flores op 19th"]
[Site "Medellin"]
[Date "2013.08.07"]
[Round "9"]
[White "Castro, Jairo Antonio"]
[Black "Rangel, Carlos"]
[Result "1-0"]
[WhiteElo "1913"]
[BlackElo "2070"]
[PlyCount "81"]
[EventDate "2013.08.03"]
[EventType "swiss"]
[EventRounds "9"]
[EventCountry "COL"]
[SourceTitle "CBM 155 Extra"]
[Source "ChessBase"]
[SourceDate "2013.08.26"]
[SourceVersion "1"]
[SourceVersionDate "2013.08.26"]
[SourceQuality "1"]

1. e4 c5 2. Nf3 d6 3. d4 cxd4 4. Nxd4 Nf6 5. Nc3 g6 6. Be3 Bg7 7. f3 Nc6 8. Qd2 0-0 9. Bc4 Bd7 10. h4 Ne5 11. Bb3 Rc8 12. h5 Nxh5 13. g4 Ng3 14. Rg1 Nxf3+ 15. Nxf3 Bxc3 16. bxc3 Nxe4 17. Qd4 Nf6 18. 0-0-0 Qb6 19. Bh6 Qxd4 20. Rxd4 Rxc3 21. Ng5 Rxb3 22. axb3 Re8 23. Nf3 Bc6 24. Nd2 d5 25. c4 e5 26. cxd5 exd4 27. dxc6 Rc8 28. Kc2 bxc6 29. Kd3 c5 30. Nc4 Kh8 31. Nd6 Rb8 32. Nxf7+ Kg8 33. Ne5 Rxb3+ 34. Kc4 Rh3 35. g5 Rc3+ 36. Kb5 Re3 37. Nc4 Rf3 38. gxf6 Rxf6 39. Re1 Kf7 40. Ne5+ Ke7 41. Bg5 1-0

[Event "Medellin Flores op 19th"]
[Site "Medellin"]
[Date "2013.08.05"]
[Round "5"]
[White "Arango, Andres Mauricio"]
[Black "Castro, Jairo Antonio"]
[Result "1-0"]
[WhiteElo "2140"]
[BlackElo "1913"]
[PlyCount "36"]
[EventDate "2013.08.03"]
[EventType "swiss"]
[EventRounds "9"]
[EventCountry "COL"]
[SourceTitle "CBM 155 Extra"]
[Source "ChessBase"]
[SourceDate "2013.08.26"]
[SourceVersion "1"]
[SourceVersionDate "2013.08.26"]
[SourceQuality "1"]

1. e4 c5 2. Nf3 d6 3. d4 cxd4 4. Nxd4 Nf6 5. Nc3 g6 6. Be3 Bg7 7. f3 0-0 8. Qd2 Nc6 9. Bc4 Bd7 10. h4 Ne5 11. Bb3 Qa5 12. h5 Nxh5 13. g4 Nf6 14. Bh6 Rfc8 15. Bxg7 Kxg7 16. 0-0-0 Nc4 17. Qh6+ Kg8 18. Nd5 Rc5 1-0

[Event "COL-ch U16"]
[Site "Villavicencio"]
[Date "2013.06.16"]
[Round "7"]
[White "Castro, Jairo Antonio"]
[Black "Olarte Parra, Jhoan Sebastian"]
[Result "1-0"]
[WhiteElo "1916"]
[BlackElo "1961"]
[PlyCount "111"]
[EventDate "2013.06.13"]
[EventType "swiss"]
[EventRounds "7"]
[EventCountry "COL"]
[SourceTitle "EXT 2018"]
[Source "ChessBase"]
[SourceDate "2017.10.13"]
[SourceVersion "1"]
[SourceVersionDate "2017.10.13"]
[SourceQuality "1"]

1. e4 c5 2. Nf3 d6 3. d4 cxd4 4. Nxd4 Nf6 5. Nc3 a6 6. f4 e6 7. Be2 e5 8. Nb3 Nc6 9. f5 d5 10. Nxd5 Nxd5 11. Qxd5 Qxd5 12. exd5 Nb4 13. c4 Nc2+ 14. Kd2 Nxa1 15. Nxa1 Bxf5 16. Nc2 a5 17. Bd3 Bd7 18. Ne3 g6 19. b3 Bc5 20. Bb2 f6 21. Be4 Ra6 22. g3 0-0 23. Bg2 Rd6 24. a3 b5 25. Rc1 b4 26. axb4 axb4 27. Ra1 Rb8 28. Nc2 Kf7 29. Ne1 Bf5 30. Nd3 Bxd3 31. Kxd3 Rc8 32. Ra5 Rc7 33. Bc1 f5 34. Kd2 e4 35. Ke2 Rb6 36. Be3 Bxe3 37. Kxe3 Rbb7 38. d6 Rc6 39. c5 Ke6 40. Kd4 Rd7 41. Bf1 Rdxd6+ 42. cxd6 Rxd6+ 43. Ke3 Rb6 44. Bc4+ Kf6 45. h4 h6 46. g4 fxg4 47. Kxe4 Rd6 48. Ra6 Rxa6 49. Bxa6 g3 50. Kf3 g2 51. Kxg2 g5 52. hxg5+ hxg5 53. Kg3 Ke5 54. Kg4 Kd4 55. Kxg5 Kc3 56. Bc4 1-0

[Event "COL-ch U16"]
[Site "Villavicencio"]
[Date "2013.06.15"]
[Round "6"]
[White "Castro, Jairo Antonio"]
[Black "Acosta Cubides, Jorian Jared"]
[Result "0-1"]
[WhiteElo "1916"]
[BlackElo "1969"]
[PlyCount "80"]
[EventDate "2013.06.13"]
[EventType "swiss"]
[EventRounds "7"]
[EventCountry "COL"]
[SourceTitle "EXT 2018"]
[Source "ChessBase"]
[SourceDate "2017.10.13"]
[SourceVersion "1"]
[SourceVersionDate "2017.10.13"]
[SourceQuality "1"]

1. e4 c5 2. Nf3 d6 3. d4 cxd4 4. Nxd4 Nf6 5. Nc3 Nc6 6. f4 e6 7. Be2 Be7 8. Be3 Bd7 9. Nb3 0-0 10. g4 a6 11. g5 Ne8 12. h4 b5 13. Bf3 f5 14. Qd2 fxe4 15. Bxe4 d5 16. Bf3 Nd6 17. 0-0-0 Nc4 18. Qe2 Bd6 19. Bc5 Bxf4+ 20. Kb1 Re8 21. Qf2 Be5 22. Nxd5 exd5 23. Bxd5+ Kh8 24. Bxc6 Bxc6 25. Rxd8 Bxh1 26. Rxa8 Bxa8 27. Bd4 Bd6 28. a3 Bd5 29. h5 Kg8 30. h6 Rf8 31. Qe2 g6 32. Bg7 Rd8 33. Nd4 Bf7 34. Nf3 Re8 35. Qf2 Re3 36. Nd2 Bg3 37. Ne4 Rxe4 38. Qxg3 Re3 39. Qf2 Rf3 40. Qg2 Rf1+ 0-1

[Event "COL-ch U16"]
[Site "Villavicencio"]
[Date "2013.06.14"]
[Round "4"]
[White "Gonzalez, Andres Felipe"]
[Black "Castro, Jairo Antonio"]
[Result "1-0"]
[WhiteElo "1985"]
[BlackElo "1916"]
[PlyCount "56"]
[EventDate "2013.06.13"]
[EventType "swiss"]
[EventRounds "7"]
[EventCountry "COL"]
[SourceTitle "EXT 2018"]
[Source "ChessBase"]
[SourceDate "2017.10.13"]
[SourceVersion "1"]
[SourceVersionDate "2017.10.13"]
[SourceQuality "1"]

1. e4 c5 2. Nf3 d6 3. d4 cxd4 4. Qxd4 Nc6 5. Bb5 e5 6. Qd3 a6 7. Bxc6+ bxc6 8. c4 Be6 9. Nc3 Nf6 10. b3 Be7 11. 0-0 0-0 12. Ba3 Qc7 13. Rad1 Rfd8 14. Qe2 Nh5 15. Ne1 Nf4 16. Qe3 Bg5 17. Qg3 Bh6 18. Qf3 Rd7 19. Nd3 Rad8 20. Nxf4 Bxf4 21. Bc1 Bxc1 22. Rxc1 f6 23. Na4 Rf7 24. Qe3 f5 25. f3 fxe4 26. fxe4 Rdf8 27. Qd3 Qa7+ 28. c5 dxc5 1-0

[Event "Center Region-ch U18"]
[Site "Villavicencio"]
[Date "2012.05.20"]
[Round "4.1"]
[White "Castro, Jairo Antonio"]
[Black "Rodriguez Rueda, Paula Andrea"]
[Result "1-0"]
[WhiteElo "1897"]
[BlackElo "2208"]
[PlyCount "50"]
[EventDate "2012.05.18"]
[EventType "swiss"]
[EventRounds "6"]
[EventCountry "COL"]
[SourceTitle "EXT 2024"]
[Source "ChessBase"]
[SourceDate "2023.10.10"]
[SourceVersion "1"]
[SourceVersionDate "2023.10.10"]
[SourceQuality "1"]

1. e4 c5 2. Nf3 d6 3. d4 cxd4 4. Nxd4 Nf6 5. Nc3 a6 6. f4 e6 7. Bd3 Qc7 8. 0-0 Be7 9. Kh1 0-0 10. Qe1 Nc6 11. Nf3 d5 12. e5 Nd7 13. Be3 b5 14. a3 Bb7 15. Qg3 Rfd8 16. Rad1 Na5 17. f5 exf5 18. Bxf5 Nf8 19. Ng5 Bxg5 20. Bxg5 Re8 21. Nxd5 Qxe5 22. Nf6+ gxf6 23. Bf4+ Ng6 24. Bxe5 Rxe5 25. Bxg6 Rg5 1-0

[Event "Pan American U14"]
[Site "Bento Goncalves"]
[Date "2010.08.07"]
[Round "9"]
[White "Vazquez, Guillermo"]
[Black "Castro, Jairo Antonio"]
[Result "1-0"]
[WhiteElo "2084"]
[BlackElo "1958"]
[PlyCount "77"]
[EventDate "2010.08.02"]
[EventType "swiss"]
[EventRounds "9"]
[EventCountry "BRA"]
[SourceTitle "EXT 2013"]
[Source "ChessBase"]
[SourceDate "2012.11.22"]
[SourceVersion "1"]
[SourceVersionDate "2012.11.22"]
[SourceQuality "1"]

1. e4 e6 2. d4 d5 3. Nc3 dxe4 4. Nxe4 Nd7 5. Nf3 Ngf6 6. Nxf6+ Nxf6 7. c3 Be7 8. Ne5 0-0 9. Bd3 c5 10. Be3 Qc7 11. Qf3 b6 12. 0-0 Bb7 13. Qh3 Be4 14. Bxe4 Nxe4 15. Qf3 Nf6 16. Bh6 Rfc8 17. Bf4 Bd6 18. Rad1 cxd4 19. cxd4 Nd5 20. Rc1 Qe7 21. Bg3 Qf6 22. Qxf6 Nxf6 23. Nc6 Bf8 24. Rc2 Nd5 25. Rfc1 f6 26. Kf1 Kf7 27. Ne5+ fxe5 28. Rxc8 Rxc8 29. Rxc8 exd4 30. Ke2 Bc5 31. Kd3 g5 32. a3 a5 33. Be5 Nf4+ 34. Bxf4 gxf4 35. Ke4 Ke7 36. Rh8 Kd6 37. Rxh7 Kc6 38. Rh3 b5 39. Rd3 1-0

[Event "Pan American U14"]
[Site "Bento Goncalves"]
[Date "2010.08.05"]
[Round "6"]
[White "Castro, Jairo Antonio"]
[Black "Villamil, Nahum Jose"]
[Result "1-0"]
[WhiteElo "1958"]
[BlackElo "1800"]
[PlyCount "61"]
[EventDate "2010.08.02"]
[EventType "swiss"]
[EventRounds "9"]
[EventCountry "BRA"]
[SourceTitle "EXT 2013"]
[Source "ChessBase"]
[SourceDate "2012.11.22"]
[SourceVersion "1"]
[SourceVersionDate "2012.11.22"]
[SourceQuality "1"]

1. e4 c5 2. Nf3 d6 3. d4 cxd4 4. Nxd4 Nf6 5. Nc3 g6 6. Be3 a6 7. f3 b5 8. Qd2 Bb7 9. 0-0-0 h5 10. h4 Nbd7 11. Kb1 Rc8 12. Bg5 Bg7 13. g3 Qc7 14. Bh3 b4 15. Nce2 a5 16. Rhf1 Ba6 17. Rfe1 Ra8 18. Nf4 Nc5 19. Nd5 Nxd5 20. exd5 f6 21. Bf4 Bc8 22. Bxc8 Rxc8 23. Ne6 Nxe6 24. Rxe6 0-0 25. Rde1 Rfe8 26. Bxd6 exd6 27. Rxe8+ Rxe8 28. Rxe8+ Kf7 29. Qe3 Qd7 30. Ra8 Qh3 31. Qe8# 1-0

[Event "Pan American U14"]
[Site "Bento Goncalves"]
[Date "2010.08.05"]
[Round "5"]
[White "Gorbena Pena, Luis Andres"]
[Black "Castro, Jairo Antonio"]
[Result "1-0"]
[WhiteElo "1978"]
[BlackElo "1958"]
[PlyCount "89"]
[EventDate "2010.08.02"]
[EventType "swiss"]
[EventRounds "9"]
[EventCountry "BRA"]
[SourceTitle "EXT 2013"]
[Source "ChessBase"]
[SourceDate "2012.11.22"]
[SourceVersion "1"]
[SourceVersionDate "2012.11.22"]
[SourceQuality "1"]

1. c4 c6 2. Nf3 Nf6 3. g3 d5 4. Bg2 e6 5. d4 Nbd7 6. b3 Be7 7. 0-0 0-0 8. Nbd2 b6 9. Qc2 Bb7 10. Rd1 Rc8 11. e4 dxe4 12. Ng5 h6 13. Ngxe4 Qc7 14. Nxf6+ Nxf6 15. Ne4 Nxe4 16. Qxe4 Bf6 17. Bf4 Qe7 18. Rac1 Bg5 19. Bxg5 Qxg5 20. Qe5 Qxe5 21. dxe5 Rfd8 22. b4 Kf8 23. Rd6 Ke7 24. c5 b5 25. Ra1 Rd7 26. a4 bxa4 27. Rxa4 a6 28. Ra3 Rdc7 29. f4 g6 30. g4 Ra8 31. Kf2 Rh8 32. h3 Rg8 33. Ke3 h5 34. Ra1 hxg4 35. hxg4 Rh8 36. Rh1 Rxh1 37. Bxh1 Ke8 38. Kd4 Rd7 39. Kc4 Kd8 40. Be4 Kc7 41. Kb3 Rd8 42. Rxd8 Kxd8 43. Ka4 Kc7 44. Ka5 Bc8 45. Bd3 1-0

[Event "COL-ch School U13"]
[Site "Yumbo"]
[Date "2010.04.28"]
[Round "3.6"]
[White "Castro, Jairo Antonio"]
[Black "Rodriguez Velasco, German Enrique"]
[Result "1-0"]
[WhiteElo "1962"]
[BlackElo "2057"]
[PlyCount "61"]
[EventDate "2010.04.27"]
[EventType "swiss"]
[EventRounds "7"]
[EventCountry "COL"]
[SourceTitle "EXT 2024"]
[Source "ChessBase"]
[SourceDate "2023.10.10"]
[SourceVersion "1"]
[SourceVersionDate "2023.10.10"]
[SourceQuality "1"]

1. e4 c5 2. Nf3 e6 3. d4 cxd4 4. Nxd4 a6 5. c4 Qc7 6. Bd3 Nf6 7. Nc3 d6 8. a3 Nc6 9. Nxc6 bxc6 10. b4 d5 11. Qe2 Bb7 12. Bb2 Be7 13. 0-0 Nd7 14. cxd5 cxd5 15. exd5 e5 16. Rac1 Qd6 17. Bc4 f5 18. Rfe1 Nb6 19. Bb3 e4 20. Red1 0-0 21. Na4 Nxa4 22. Bxa4 a5 23. Bc6 axb4 24. Bxb7 bxa3 25. Bd4 Ra5 26. Qc4 f4 27. Qc6 Qb8 28. Qe6+ Kh8 29. Qxe7 Rg8 30. Rc8 Rxd5 31. Qxg7# 1-0

[Event "COL-ch School U13"]
[Site "Yumbo"]
[Date "2010.04.28"]
[Round "4.3"]
[White "Quinonez Garcia, Santiago"]
[Black "Castro, Jairo Antonio"]
[Result "1-0"]
[WhiteElo "1940"]
[BlackElo "1962"]
[PlyCount "37"]
[EventDate "2010.04.27"]
[EventType "swiss"]
[EventRounds "7"]
[EventCountry "COL"]
[SourceTitle "EXT 2024"]
[Source "ChessBase"]
[SourceDate "2023.10.10"]
[SourceVersion "1"]
[SourceVersionDate "2023.10.10"]
[SourceQuality "1"]

1. e4 c5 2. Nf3 d6 3. d4 cxd4 4. Qxd4 Nc6 5. Bb5 a6 6. Bxc6+ bxc6 7. c4 Bb7 8. Nc3 c5 9. Qd3 g6 10. b3 Bg7 11. Bb2 e6 12. 0-0 Qd7 13. Rfe1 Ne7 14. Rad1 Rd8 15. Qe2 Nc6 16. Nb5 Nd4 17. Nbxd4 cxd4 18. Bxd4 Bxd4 19. Rxd4 1-0

[Event "COL-ch School U13"]
[Site "Yumbo"]
[Date "2010.04.27"]
[Round "2.4"]
[White "Munoz, Camilo1111"]
[Black "Castro, Jairo Antonio"]
[Result "1/2-1/2"]
[WhiteElo "1592"]
[BlackElo "1962"]
[PlyCount "25"]
[EventDate "2010.04.27"]
[EventType "swiss"]
[EventRounds "7"]
[EventCountry "COL"]
[SourceTitle "EXT 2024"]
[Source "ChessBase"]
[SourceDate "2023.10.10"]
[SourceVersion "1"]
[SourceVersionDate "2023.10.10"]
[SourceQuality "1"]

1. e4 c5 2. Nf3 Nc6 3. d4 cxd4 4. Nxd4 d6 5. Nc3 Nf6 6. Be3 e6 7. Bd3 a6 8. 0-0 g6 9. f4 Bg7 10. Qd2 b5 11. Nb3 Na5 12. Nd4 Nc4 13. Bxc4 1/2-1/2

[Event "COL-ch U16"]
[Site "Bogota"]
[Date "2010.03.30"]
[Round "3.1"]
[White "Zuleta, Juan Esteban"]
[Black "Castro, Jairo Antonio"]
[Result "1-0"]
[WhiteElo "1858"]
[BlackElo "1962"]
[PlyCount "31"]
[EventDate "2010.03.29"]
[EventType "swiss"]
[EventRounds "8"]
[EventCountry "COL"]
[SourceTitle "EXT 2024"]
[Source "ChessBase"]
[SourceDate "2023.10.10"]
[SourceVersion "1"]
[SourceVersionDate "2023.10.10"]
[SourceQuality "1"]

1. e4 e6 2. Nf3 d5 3. e5 c5 4. b4 cxb4 5. d4 Nc6 6. a3 Qb6 7. axb4 Bxb4+ 8. c3 Be7 9. Ba3 Bxa3 10. Nxa3 a6 11. Bd3 Nge7 12. 0-0 Qc7 13. Nb5 axb5 14. Rxa8 Na5 15. Bxb5+ Kf8 16. Qa4 1-0

[Event "COL-ch U16"]
[Site "Bogota"]
[Date "2010.03.29"]
[Round "2.1"]
[White "Castro, Jairo Antonio"]
[Black "Barros, Raul Junior"]
[Result "0-1"]
[WhiteElo "1962"]
[BlackElo "2076"]
[PlyCount "54"]
[EventDate "2010.03.29"]
[EventType "swiss"]
[EventRounds "8"]
[EventCountry "COL"]
[SourceTitle "EXT 2024"]
[Source "ChessBase"]
[SourceDate "2023.10.10"]
[SourceVersion "1"]
[SourceVersionDate "2023.10.10"]
[SourceQuality "1"]

1. e4 c5 2. Nf3 e6 3. d4 cxd4 4. Nxd4 Nc6 5. Nxc6 bxc6 6. c4 Nf6 7. Nd2 d5 8. exd5 cxd5 9. cxd5 Nxd5 10. Nf3 Bd6 11. Bb5+ Bd7 12. Bxd7+ Qxd7 13. 0-0 0-0 14. b3 Rac8 15. Bb2 f6 16. Qe2 Nf4 17. Qe4 e5 18. g3 Ne6 19. Rfd1 Qe7 20. Rac1 Rfd8 21. Rc4 g6 22. Rdc1 Rxc4 23. Rxc4 Bc5 24. b4 Bb6 25. a4 Rd1+ 26. Kg2 Qd7 27. a5 Nf4+ 0-1

[Event "COL-ch School U15"]
[Site "Neiva"]
[Date "2010.03.19"]
[Round "6.1"]
[White "Martinez Romero, Martin"]
[Black "Castro, Jairo Antonio"]
[Result "1-0"]
[WhiteElo "2155"]
[BlackElo "1962"]
[PlyCount "69"]
[EventDate "2010.03.17"]
[EventType "swiss"]
[EventRounds "8"]
[EventCountry "COL"]
[SourceTitle "EXT 2024"]
[Source "ChessBase"]
[SourceDate "2023.10.10"]
[SourceVersion "1"]
[SourceVersionDate "2023.10.10"]
[SourceQuality "1"]

1. Nf3 c5 2. c4 Nc6 3. Nc3 g6 4. e3 Bg7 5. d4 d6 6. Be2 Nf6 7. 0-0 b6 8. d5 Na5 9. Qc2 0-0 10. a3 Qc7 11. b4 cxb4 12. axb4 Nb7 13. Nb5 Qb8 14. Nfd4 Nd8 15. Nc6 Nxc6 16. dxc6 Bf5 17. Qb3 Be4 18. Nd4 e5 19. f3 exd4 20. fxe4 Nxe4 21. Bf3 Re8 22. c5 Ng5 23. Bd5 bxc5 24. Bxf7+ Nxf7 25. Qxf7+ Kh8 26. Bb2 Qb6 27. exd4 cxd4 28. Qd7 Red8 29. Qb7 Rdb8 30. Qxb6 Rxb6 31. c7 Rc6 32. Rf7 Rc8 33. Rxa7 Rc2 34. Rd7 Bf6 35. Rb7 1-0

[Event "COL-ch School U15"]
[Site "Neiva"]
[Date "2010.03.17"]
[Round "2.1"]
[White "Castro, Jairo Antonio"]
[Black "Barros, Raul Junior"]
[Result "1/2-1/2"]
[WhiteElo "1962"]
[BlackElo "2076"]
[PlyCount "51"]
[EventDate "2010.03.17"]
[EventType "swiss"]
[EventRounds "8"]
[EventCountry "COL"]
[SourceTitle "EXT 2024"]
[Source "ChessBase"]
[SourceDate "2023.10.10"]
[SourceVersion "1"]
[SourceVersionDate "2023.10.10"]
[SourceQuality "1"]

1. e4 c5 2. Nf3 e6 3. d4 cxd4 4. Nxd4 Nf6 5. Bd3 Nc6 6. Nxc6 bxc6 7. c4 d5 8. cxd5 cxd5 9. exd5 Nxd5 10. 0-0 Bd6 11. Bd2 0-0 12. Nc3 Bb7 13. Be2 Nxc3 14. Bxc3 Qg5 15. g3 Rad8 16. Qc1 Qf5 17. Qe3 Bc5 18. Qe5 Qxe5 19. Bxe5 Rd2 20. Rac1 Rc8 21. Bc4 Bb6 22. Bc3 Rxf2 23. Rxf2 Rxc4 24. Rd1 Bd5 25. Kf1 Bxf2 26. Kxf2 1/2-1/2